NFL Top 10 Receiving Yards 1970s - Statistics

General Stats
  • This quiz has been taken 18 times
  • The average score is 44 of 100
Answer Stats
Year Team Player % Correct
1979: 1 Seahawks Steve Largent
100%
1978: 2 Seahawks Steve Largent
100%
1979: 8 Cowboys Drew Pearson
92%
1977: 1 Cowboys Drew Pearson
92%
1976: 10 Cowboys Drew Pearson
92%
1975: 5 Cowboys Drew Pearson
92%
1974: 2 Cowboys Drew Pearson
92%
1976: 3 Chargers Charlie Joiner
85%
1976: 2 Raiders Cliff Branch
85%
1975: 4 Raiders Cliff Branch
85%
1974: 1 Raiders Cliff Branch
85%
1972: 6 Raiders Fred Biletnikoff
85%
1971: 3 Raiders Fred Biletnikoff
85%
1979: 2 Steelers John Stallworth
85%
1977: 5 Steelers John Stallworth
85%
1978: 7 Steelers Lynn Swann
85%
1977: 4 Steelers Lynn Swann
85%
1975: 8 Steelers Lynn Swann
85%
1978: 3 Eagles Harold Carmichael
77%
1973: 1 Eagles Harold Carmichael
77%
1979: 4 Chargers John Jefferson
77%
1978: 4 Chargers John Jefferson
77%
1974: 10 Redskins Roy Jefferson
77%
1979: 3 Vikings Ahmad Rashad
69%
1974: 7 Redskins Charley Taylor
69%
1973: 7 Redskins Charley Taylor
69%
1972: 5 Chiefs Otis Taylor
69%
1971: 1 Chiefs Otis Taylor
69%
1971: 7 Cowboys Bob Hayes
62%
1970: 8 Cowboys Bob Hayes
62%
1979: 9 Patriots Harold Jackson
62%
1975: 7 Rams Harold Jackson
62%
1973: 3 Rams Harold Jackson
62%
1972: 1 Eagles Harold Jackson
62%
1972: 9 Bills J.D. Hill
62%
1971: 2 Dolphins Paul Warfield
62%
1979: 7 Cowboys Tony Hill
62%
1977: 9 Vikings Sammy White
54%
1976: 5 Vikings Sammy White
54%
1976: 9 Chiefs Walter White
54%
1972: 3 Vikings Gene Washington
46%
1971: 5 Vikings Gene Washington
46%
1970: 1 Vikings Gene Washington
46%
1978: 1 Jets Wesley Walker
46%
1977: 10 Bills Bob Chandler
38%
1976: 6 Bills Bob Chandler
38%
1975: 2 Bengals Isaac Curtis
38%
1973: 5 Bengals Isaac Curtis
38%
1977: 2 Oilers Ken Burrough
38%
1976: 4 Oilers Ken Burrough
38%
1975: 1 Oilers Ken Burrough
38%
1977: 8 Dolphins Nat Moore
38%
1979: 9 Falcons Wallace Francis
38%
1979: 6 Saints Wes Chandler
38%
1978: 10 Raiders Dave Casper
31%
1978: 8 Cardinals Mel Gray
31%
1977: 6 Cardinals Mel Gray
31%
1975: 3 Cardinals Mel Gray
31%
1974: 4 Cardinals Mel Gray
31%
1970: 7 Saints Danny Abramowicz
23%
1970: 3 Bears Dick Gordon
23%
1979: 5 Bills Frank Lewis
23%
1974: 3 Chargers Gary Garrison
23%
1971: 4 Chargers Gary Garrison
23%
1970: 4 Chargers Gary Garrison
23%
1975: 9 Vikings John Gilliam
23%
1972: 2 Vikings John Gilliam
23%
1971: 8 Cardinals John Gilliam
23%
1970: 5 Cardinals John Gilliam
23%
1971: 6 Patriots Randy Vataha
23%
1976: 1 Colts Roger Carr
23%
1977: 7 Bengals Billy Brooks
15%
1976: 8 Redskins Frank Grant
15%
1975: 10 Redskins Frank Grant
15%
1970: 9 Rams Jack Snow
15%
1973: 2 Vikings John Gilliam
15%
1970: 2 Bills Marlin Briscoe
15%
1973: 9 Raiders Mike Siani
15%
1976: 7 Lions Ray Jarvis
15%
1975: 6 Jets Rich Caster
15%
1974: 6 Jets Rich Caster
15%
1972: 4 Jets Rich Caster
15%
1970: 6 Raiders Warren Wells
15%
1972: 8 Giants Bob Tucker
8%
1971: 9 Giants Bob Tucker
8%
1970: 10 Packers Carroll Dale
8%
1974: 8 Eagles Charle Young
8%
1973: 4 Eagles Charle Young
8%
1974: 9 Bears Charlie Wade
8%
1972: 7 Bengals Chip Myers
8%
1978: 9 Saints Henry Childs
8%
1977: 3 Bears James Scott
8%
1973: 6 Jets Jerome Barkum
8%
1971: 10 Falcons Ken Burrow
8%
1978: 5 Cardinals Pat Tilley
8%
1978: 6 Browns Reggie Rucker
8%
1973: 8 Patriots Reggie Rucker
8%
1974: 5 Lions Ron Jessie
8%
1973: 10 49ers Ted Kwalick
8%
1972: 10 49ers Ted Kwalick
8%
No matching quizzes found
Score Distribution
Percent of People with Each Score
Percentile by Number Answered
Your Score History
You have not taken this quiz